| 000 | 00542nam a22001697a 4500 | ||
|---|---|---|---|
| 999 |
_c18695 _d18695 |
||
| 008 | 240118b ||||| |||| 00| 0 eng d | ||
| 020 | _a9781509556250 | ||
| 082 |
_22023 _aDC 327 _bL444 |
||
| 100 |
_aLawson, Stephanie. _950729 |
||
| 245 |
_aInternational relations / _cStephanie Lawson. |
||
| 250 | _aFourth edition. | ||
| 260 |
_aUnited Kingdom : _bPolity Press, _c©2023. |
||
| 300 |
_axv, 272 pages : _billustrations ; _c25 cm. |
||
| 500 | _aIncludes references and index. | ||
| 650 |
_aInternational relations. _950734 |
||
| 942 |
_2ddc _cDC |
||